FORENSIC RADIOLOGY MADE EASY (Record no. 216419)

MARC details
000 -LEADER
fixed length control field 00467nam a22001697a 4500
008 - FIXED-LENGTH DATA ELEMENTS--GENERAL INFORMATION
fixed length control field 260107b |||||||| |||| 00| 0 eng d
020 ## - INTERNATIONAL STANDARD BOOK NUMBER
International Standard Book Number 978-93-5025-036-5
050 ## - LIBRARY OF CONGRESS CALL NUMBER
Classification number RA 1058.5.G68 2011
100 ## - MAIN ENTRY--PERSONAL NAME
Personal name GOVINDIAH D
245 ## - TITLE STATEMENT
Title FORENSIC RADIOLOGY MADE EASY
260 ## - PUBLICATION, DISTRIBUTION, ETC.
Place of publication, distribution, etc. LONDON
Name of publisher, distributor, etc. JAYPEE BROTHERS MEDICAL PUBLISHERS
Date of publication, distribution, etc. 2011
300 ## - PHYSICAL DESCRIPTION
Extent X,220
650 ## - SUBJECT ADDED ENTRY
Topical term or geographic name entry element ForenSic medicine-radiology
700 ## - ADDED ENTRY--PERSONAL NAME
Personal name RAMACHANDRAN C
942 ## - ADDED ENTRY ELEMENTS (KOHA)
Source of classification or shelving scheme Library of Congress Classification
Koha item type Long Loan Book
Holdings
Withdrawn status Lost status Source of classification or shelving scheme Damaged status Not for loan Collection Home library Current library Shelving location Date acquired Inventory number Total checkouts Full call number Barcode Date last seen Copy number Price effective from Koha item type
    Library of Congress Classification     Medicine Kisii University Library Kisii University Library On Display 01/07/2026 110787   RA 1058.5.G68 2011 000000018590 01/07/2026 C.1 01/07/2026 Long Loan Book
    Library of Congress Classification     Medicine Kisii University Library Kisii University Library On Display 01/07/2026 110790   RA 1058.5.G68 2011 000000018589 01/07/2026 C.4 01/07/2026 Long Loan Book
    Library of Congress Classification     Medicine Kisii University Library Kisii University Library On Display 01/07/2026 110789   RA 1058.5.G68 2011 000000018588 01/07/2026 C.3 01/07/2026 Long Loan Book
    Library of Congress Classification     Medicine Kisii University Library Kisii University Library On Display 01/07/2026 110788   RA 1058.5.G68 2011 000000018587 01/07/2026 C.2 01/07/2026 Long Loan Book